Responses for Show #4550 - Friday, May 21, 2004

Contestants

[<< previous game]

Juan Carlos Batlle, a medical student from Philadelphia, Pennsylvania

Jeremy Schanck, a business development coordinator from Washington, D.C.

Paul Nethercut, a financial consultant from Sacramento, California (whose 1-day cash winnings total $22,500)

[next game >>]

Jeopardy! Round responses

U.S. GEOGRAPHIC NICKNAMES
NYC MUSIC HISTORY
LUNCH COUNTER LINGO
NEWSMAKERS
GUINNESS RECORDS
NATIONAL SPELLING BEE
(Alex: ...in which you have to spell the word in the response.)
    $200 11
the Mississippi

Juan Carlos
    $200 21
Tommy

Paul
    $200 13
a hot dog

Jeremy
    $200 22
(Alex: Yes, Chief Justice of the United States.)

William Rehnquist

Juan Carlos
    $200 1
The Diary of Anne Frank

Paul
    $200 4
(Paul: I have to spell it?)
(Alex: Yes.)
(Paul: What is S-L-E-I-G-H?)

L-U-G-E

PaulJuan Carlos
    $400 12
Lake Placid

Juan Carlos
    $400 23
(Paul: What is the Hollywood Bowl?)

Carnegie Hall

Paul
Triple Stumper
    $400 14
Vermont

Juan Carlos
    $400 24
(General) Wesley Clark

Juan Carlos
    $400 2
the Red Cross

Juan Carlos
    $400 5
K-N-A-C-K

Juan Carlos
    $600 16
Virginia

Paul
    $600 25
doo-wop

Paul
    $600 15
(Paul: What is apple juice?)

water

Paul
Triple Stumper
    $600 26
(Alex: [*] of France, yes.)

Jacques Chirac

Jeremy
    $600 3
Santa Claus

Juan Carlos
    $600 6
I-N-C-I-S-O-R

Paul
    $1,600 17
(Alex: [*], yes. South Dakota.)

the Black Hills

Paul
    $800 29
Carole King

Paul
    $800 19
a banana split

Triple Stumper
    $800 27
Kofi Annan

Paul
    $800 7
Japan

Juan Carlos
    $800 8
C-R-O-I-S-S-A-N-T

Jeremy
    $1000 18
Cumberland (Falls)

Juan Carlos
    $1000 30
(Juan Carlos: What is the Fillmore?)
(Alex: More specific.)
(Juan Carlos: What is the Fillmore Theatre?)

the Fillmore East

PaulJuan Carlos
    $1000 20
Cup O' Joe

Jeremy
    $1000 28
Arianna Huffington

Jeremy
    $1000 10
the 747

Triple Stumper
    $1000 9
K-A-M-I-K-A-Z-E

Paul

Scores at the first commercial break (after clue 17):

Paul Jeremy Juan Carlos
$3,200 $1,000 $3,400

Scores at the end of the Jeopardy! Round:

Paul Jeremy Juan Carlos
$6,200 $3,600 $4,000

Double Jeopardy! Round responses

SHAKESPEARE
(Alex: We want you to name the performer in...)
OSCAR-WINNING ROLES
NATIVE AMERICANS
THE OLD COLLEGE TRY
PAINTERS
"ANT" INFESTATION
    $400 16
the Macbeth

Jeremy
    $400 1
(Juan Carlos: Um, who is Osron Welles?)
...
(Alex: The film was High Noon, yes.)

Gary Cooper

JeremyJuan Carlos
    $400 30
FDR

Juan Carlos
    $400 21
Michigan State

Juan Carlos
    $400 6
Van Gogh

Jeremy
    $400 11
infantry

Paul
    $800 17
a crown

Juan Carlos
    $800 2
(Alex: Yes, The African Queen.)

Bogart

Paul
    $800 29
Sitting Bull

Jeremy
    $800 25
the University of Nebraska

Paul
    $800 7
(Juan Carlos: Who is Eakins?)
(Alex: Pardon?)
(Juan Carlos: Thomas Eakins?)

Rembrandt

Juan Carlos
Triple Stumper
    $800 12
a consonant

Paul
    $1200 18
Hamlet

Jeremy
    $1200 3
Joan Crawford

Jeremy
    $1200 28
the Apache

Paul
    $1200 24
Brown

Juan Carlos
    $1200 8
Georgia O'Keeffe

Jeremy
    $3,000 13
(Paul: What is trenchant?)
...
(Alex: The singer is Adam Ant.)

adamant

Paul
    $2,000 19
Paris

Jeremy
    $1600 4
(Alex: Private Life of [*], good.)

Charles Laughton

Jeremy
    $1600 27
the Seminoles

Jeremy
    $1600 23
Texas A&M

Juan Carlos
    $1600 9
(Diego) Rivera

Juan Carlos
    $1600 14
dilettante

Paul
    $2000 20
Pericles, Prince of Tyre

Triple Stumper
    $2000 5
(Alex: Yes, Mrs. Miniver.)

Greer Garson

Jeremy
    $2000 26
Squanto

Jeremy
    $2000 22
St. Thomas Aquinas

Triple Stumper
    $2000 10
Van Eyck

Jeremy
    $2000 15
Nantes

Juan Carlos

Scores at the end of the Double Jeopardy! Round:

Paul Jeremy Juan Carlos
$8,800 $20,400 $10,800

[wagering suggestions for these scores]

Final Jeopardy! Round responses

EXPLORATION
(Paul: [Muttering aloud after his wager is revealed] I will regret that
if the betting is different from what I thought.)
...
(Alex: No, it had to do with exploration of the South Pole, and Scott, who perished on his way back from the South Pole.)
PaulWho Is This Person?
$8,800
Juan CarlosWho was M ?
$10,790
JeremyWho is Wild Bill Hicko
$1,300
Robert Falcon Scott

Final scores:

Paul Jeremy Juan Carlos
$0 $19,100 $10
3rd place: $1,000 New champion: $19,100 2nd place: $2,000

Game dynamics:

Coryat scores:

Paul Jeremy Juan Carlos
$11,000 $20,000 $10,800
16 R
(including 1 DD),
4 W
(including 1 DD)
18 R
(including 1 DD),
0 W
18 R,
3 W

Combined Coryat: $41,800

[game clues] [game scores] [suggest correction]

Game tape date: 2004-02-10
The J! Archive is created by fans, for fans. Scraping, republication, monetization, and malicious use prohibited; this site may use cookies and collect identifying information. See terms. The Jeopardy! game show and all elements thereof, including but not limited to copyright and trademark thereto, are the property of Jeopardy Productions, Inc. and are protected under law. This website is not affiliated with, sponsored by, or operated by Jeopardy Productions, Inc. Join the discussion at JBoard.tv.